000 00359pam a2200157a 44500
008 230515b2010 xxu||||| |||| 00| 0 eng d
020 _aNULL
041 _aENGLISH
082 _a624.15136 MOD
100 _aMODI P N
245 _aSOIL MECHANICS AND FOUNDATION ENGINEERING
250 _a1
260 _aNULL
_bNA
_c2010
300 _a1003
650 _aNULL
999 _c639105
_d639105